Cuento del grano de maíz /
El gallo quiere hacerle un regalo de Año Nuevo a Sidonia. Nada mejor que un grano de maíz amarillo, panzoncito y nariz blanca que tenía guardado. Fue saltando a buscarlo pero...¿Qué pasó con el grano de maíz? Esta historia es para ser mirada, contada, escuchada, leída, seguida con el dedo, repetida,...
Guardado en:
| Autor Principal: | |
|---|---|
| Otros Autores: | |
| Formato: | Libro |
| Idioma: | Undetermined |
| Publicado: |
Buenos Aires :
Colihue,
1997.
|
| Series: | Libros del Monigote
|
| Materias: | |
| Etiquetas: |
Agregar Etiqueta
Sin Etiquetas, Sea el primero en etiquetar este registro!
|
| LEADER | 01014nam a22002055a 4500 | ||
|---|---|---|---|
| 001 | CEM.cems021087 | ||
| 008 | 240425s1997####ag############000#0#und#d | ||
| 005 | 20240425165634.0 | ||
| 245 | 1 | 0 | |a Cuento del grano de maíz / |c Laura Devetach ; ilustrado por Eleonora Arroyo. |
| 260 | |a Buenos Aires : |b Colihue, |c 1997. | ||
| 300 | |a 32 p. | ||
| 490 | 1 | |a Libros del Monigote | |
| 520 | |a El gallo quiere hacerle un regalo de Año Nuevo a Sidonia. Nada mejor que un grano de maíz amarillo, panzoncito y nariz blanca que tenía guardado. Fue saltando a buscarlo pero...¿Qué pasó con el grano de maíz? Esta historia es para ser mirada, contada, escuchada, leída, seguida con el dedo, repetida, guardada como un osito de trapo y sacada cada vez que haga falta. | ||
| 020 | |a 9505817509 | ||
| 100 | 1 | |a Devetach, Laura. | |
| 700 | 1 | |a Arroyo, Eleonora; il. | |
| 653 | |a Literatura argentina | ||
| 653 | |a Literatura infantil | ||
| 653 | |a Novela infantil | ||
| 859 | |a CEMS |b BIB. CEMS - Inicial y Primaria |h A863.4 |i D494-14 |k IP |p 1419 |t Ej.1 | ||
